Southville International School and Colleges
Your cart is empty.
  • Cart
  • Lists
    Public lists Eva Luna New books Lux_list list_1
    Your lists Log in to create your own lists
  • Log in to your account
  • Your cookies
  • Search history
Southville International School and Colleges
  • Advanced search
  • Recent comments
  • Most popular
  • Libraries

Log in to your account

Log in with GOOGLE


If you do not have an external account, but do have a local account, you can still log in:

  1. Home
  2. MARC view: Managing investor relations :
Normal view MARC view ISBD view

Managing investor relations : (Record no. 354819)

[ view plain ]
MARC details
000 -LEADER
fixed length control field 00450nam a2200157Ia 4500
003 - CONTROL NUMBER IDENTIFIER
control field SISC
005 - DATE AND TIME OF LATEST TRANSACTION
control field 20181009093418.0
008 - FIXED-LENGTH DATA ELEMENTS--GENERAL INFORMATION
fixed length control field 180205s9999 xx 000 0 und d
020 ## - INTERNATIONAL STANDARD BOOK NUMBER
International Standard Book Number 9781606490808
050 ## - LIBRARY OF CONGRESS CALL NUMBER
Classification number HD 2744
Item number .L345 2010
100 ## - MAIN ENTRY--PERSONAL NAME
Personal name Laskin, Alexander
245 ## - TITLE STATEMENT
Title Managing investor relations :
Remainder of title strategies for effective communication
260 ## - PUBLICATION, DISTRIBUTION, ETC. (IMPRINT)
Place of publication, distribution, etc New York City
Name of publisher, distributor, etc Business expert press
Date of publication, distribution, etc 2010
300 ## - PHYSICAL DESCRIPTION
Extent 91 pages
942 ## - ADDED ENTRY ELEMENTS (KOHA)
Source of classification or shelving scheme Library of Congress Classification
Koha item type Books
Holdings
Withdrawn status Lost status Source of classification or shelving scheme Damaged status Home library Current library Shelving location Date acquired Source of acquisition Total Checkouts Full call number Barcode Date last seen Date checked out Price effective from Koha item type
    Library of Congress Classification   College Library College Library General Circulation Section 02/05/2018 Library Fund 1 HD 2744 .L345 2010 C15226 10/08/2018 10/08/2018 02/05/2018 Books

Managing investor relations :

APA

Laskin A., . (2010). Managing investor relations. New York City: Business expert press.

Chicago

Laskin Alexander, . 2010. Managing investor relations. New York City: Business expert press.

Harvard

Laskin A., . (2010). Managing investor relations. New York City: Business expert press.

MLA

Laskin Alexander, . Managing investor relations. New York City: Business expert press. 2010.

  • Place hold
  • Print
  • Cite
  • Add to your cart (remove)
  • Save record
    BIBTEX Dublin Core MARCXML MARC (non-Unicode/MARC-8) MARC (Unicode/UTF-8) MARC (Unicode/UTF-8, Standard) MODS (XML) RIS
  • More searches
    Search for this title in:
    Other Libraries (WorldCat) Other Databases (Google Scholar) Online Stores (Bookfinder.com) Open Library (openlibrary.org)

Exporting to Dublin Core...

SOUTHVILLE LIBRARY

Southville International School and Colleges Library

1281 Tropical Ave. Cor. Luxembourg St., BF Homes International, Las Pinas City

Tel. No. 8256374 / 252358 Loc. 117/146

Powered by Koha